000 00303nam a22001337a 4500
008 170209b xxu||||| |||| 00| 0 eng d
020 _a0812109023
041 _aeng
080 _a61
100 _a4
101 _aSHM
245 _aA PRACTICAL HANDBOOK JOINT FLUID ANALYSIS
_cGATTER.A
942 _2udc
_cBK
999 _c5009
_d5009